Human dimensions of indonesia's economic crisis and foreign assistance

Saved in:
Bibliographic Details
Main Author: McCawley, Peter
Format: Book
Language:English
Published: Brisbane The University of Queensland 1999
Series:Economic issues No. 5
Subjects:
Tags: Add Tag
No Tags, Be the first to tag this record!

MARC

LEADER 00000nam a2200000 4500
001 c115047
005 20221221082555.5
022 |a 1441-2780 
041 0 |a eng 
044 |a AU 
245 1 0 |a Human dimensions of indonesia's economic crisis and foreign assistance  |c Peter McCawley 
264 1 |a Brisbane  |b The University of Queensland  |c 1999 
300 |a 17 s. 
490 1 |a Economic issues  |v No. 5 
830 0 |a Economic issues  |v No. 5 
610 2 0 |a kríza hospodárska 
610 2 0 |a politika hospodárska 
610 2 0 |a pomoc zahraničná 
610 2 0 |a Indonézia 
100 1 |a McCawley, Peter